| 000 | 00000nam 2200000za 4500 |
| 001 | 9.577702 |
| 003 | CaOODSP |
| 005 | 20210624185734 |
| 007 | cr ||||||||||| |
| 008 | 150406|2007||||xxc|||||o f|0| 0 eng d |
| 040 | |aCaOODSP|beng |
| 043 | |an-cn--- |
| 086 | 1 |aEn49-7/1-21E-PDF |
| 110 | 1 |aCanada. |bEnvironment Canada. |bScience and Technology Branch. |
| 245 | 10|aBiological test method - test of reproduction and survival using the cladoceran Ceriodaphnia dubia / |h[electronic resource]|c[published by the] Method Development and Applications Unit. |
| 250 | |aSecond edition |
| 260 | |aOttawa, Ont. : |bEnvironment Canada. |c2007. |
| 300 | |a100 p. : |bfig., glossary, references, tables |
| 490 | 1 |aEnvironmental Protection series. [Reference methods]|vEPS 1/RM/21 |
| 500 | |aThe catalogue number (En49-7/1-21E) and ISBN (0-662-42900-1) for the print edition have been incorrectly copied in this electronic publication. |
| 546 | |a(Résumé en français). |
| 590 | |a14-01-Supp|b2014-01-07 |
| 775 | 08|tMéthode d'essai biologique - essai de reproduction et de survie du cladocère Ceriodaphnia dubia / |w(CaOODSP)9.606209 |
| 830 | #0|aEnvironmental Protection series. [Reference methods]|vEPS 1/RM/21|w(CaOODSP)9.504905 |
| 856 | 40|ahttp://publications.gc.ca|qPDF|s2.46 MB|uhttps://publications.gc.ca/collections/collection_2013/ec/En49-7-1-21-eng.pdf|yEPS 1/RM/21 |